| 000 | 00844nam a22002657a 4500 | ||
|---|---|---|---|
| 005 | 20201128021218.0 | ||
| 008 | 150217t2014 xxua frbd 001 0 eng d | ||
| 020 | _a9780077162757 | ||
| 020 | _a0077162757 | ||
| 040 | _aEG-ScBUE | ||
| 082 | 0 | 0 |
_222 _a658.1511 _bMAN |
| 245 | 0 | 0 |
_aManagerial accounting / _cRay H. Garrison ... [et al.] |
| 250 |
_a2nd ed., _bMiddle East ed. |
||
| 260 |
_aNew York, United States : _bMcGraw-Hill Education, _cc.2014. |
||
| 300 |
_axxxvi, 770 p. : _bill. (col.) ; _c28 cm. |
||
| 500 | _aIncludes appendixes. | ||
| 500 | _aIncludes glossary. | ||
| 500 | _aIndex : p. 755-770. | ||
| 504 | _aIncludes bibliographical references. | ||
| 650 | 0 |
_91343 _aManagerial accounting |
|
| 653 |
_bBUSADM _cFebruary2015 |
||
| 655 |
_vtext book _933728 |
||
| 700 | 1 |
_aGarrison, Ray H. _912225 |
|
| 942 |
_2ddc _k658.1511 MAN |
||
| 999 |
_c18993 _d18965 |
||